Circle and Square Winners - Statistics

General Stats
  • This quiz has been taken 23 times
  • The average score is 17 of 38
Answer Stats
Hint Answer % Correct
S9.9 Ikay
71%
S9 Joa
71%
C13 Snoozing
71%
C14 Flaming
62%
S8 Lola
62%
C13 MetaCyde
62%
S8 Neuro
62%
C15 Recc
62%
S8.5 Alien
57%
C16 Danii
57%
C1 Loguin
57%
C12 WhiteSpider331
57%
C3 Doubled
52%
C6 DuffyTurtle
52%
C8 Gameend
52%
C4 MetaCyde
52%
C5 TanClub
52%
C4 Tess
52%
C3 Green
48%
S7 Neuro
48%
C11 Sylvia
48%
C2 Thymes
48%
C10 Rod
43%
C9 Snoozing
43%
C7 Otter
38%
S6 Super
38%
S4.20 Dream
33%
S6.9 Real_Ball
33%
S7.5 Skyborn
33%
S5 Snoozing
33%
S6.9 batsonFIRE
24%
S4 Yoshi
24%
S1 ForeverBelonging
19%
S2 Otam
19%
S2.5 Pant
19%
S5.5 Uralic
19%
S3.5 LeannE
14%
S2.5 Soxfox42
14%
No matching quizzes found
Score Distribution
Percent of People with Each Score
Percentile by Number Answered
Your Score History
You have not taken this quiz